000 00903nam a2200217 i 4500
001 94198
003 ES-MaACL
005 20250822151113.0
007 t|
008 050630s1943 sp ||||1| spa d
110 1 _aEspaña.
_bMinisterio de Justicia
_93895
245 1 0 _aCausa general
_b: la dominación roja en España : avance de la información instruída por el Ministerio Público /
_cprólogo del Ministro de Justicia D. Eduardo Aunós.
260 _aMadrid :
_bMinisterio de Justicia,
_c[1943]
300 _a264 p., 103 lám. ;
_c26 cm.
651 4 _aEspaña-
_xHistoria-
_y1936-1939, Guerra civil-
_xAtrocidades.
_98296
651 4 _aEspaña-
_xHistoria-
_y1936-1939, Guerra civil-
_xDestrucciones y saqueos.
_98303
700 1 _aAunós Pérez, Eduardo,
_d1894-1967
_923920
852 _aES-MaACL
_jB-4935
_bR.20579
852 _aES-MaACL
_jF-15889
_bR.20616
999 _c94198
_d94198